| 000 | 01263nam a22003617a 4500 | ||
|---|---|---|---|
| 001 | BR7703472 | ||
| 003 | BR-BrBNA | ||
| 005 | 20230928085328.0 | ||
| 007 | ta | ||
| 008 | 230509b bl.||||| |||| 00| 0 por d | ||
| 040 |
_aBR-BrBNA _bpor _cBiblioteca Nacional de Agricultura |
||
| 041 | _a(Por) | ||
| 072 |
_aE30; E15; E50 _b/G514 |
||
| 090 | _ E30 BR7703472 | ||
| 110 | 1 |
_aMinisterio do Interior, Brasilia, DF (Brasil). Coordenadoria de Comunicacao Social _97114 |
|
| 245 | 1 | _aBalanco das acoes governamentais em curso no Nordeste (com enfase no periodo 1974-77)[Projeto de desenvolvimento; Credito agricola; Assistencia social; Comunidade rural; Politica de desenvolvimento; Industrializacao; Recurso natural; Mercado; Brasil] | |
| 260 | 3 |
_aBrasilia, DF (Brasil): _c1977. |
|
| 300 | _a76 p. | ||
| 500 | _a8 illus.; 18 tables | ||
| 650 | _aDesenvolvimento agricola | ||
| 650 | _aMicroeconomia | ||
| 650 | _aSociologia rural | ||
| 650 | _aProjeto de desenvolvimento | ||
| 650 | _aCredito agricola | ||
| 650 | _aAssistencia social | ||
| 650 | _aComunidade rural | ||
| 650 | _aDesenvolvimento industrial | ||
| 650 | _aMao-de-obra | ||
| 650 | _aRecurso natural | ||
| 650 | _aMercado | ||
| 909 |
_a202309 _bLucia _c55 _dLucia Elande |
||
| 942 | _cBK | ||
| 999 |
_c23871 _d23871 |
||